Taxmann Students' Guide To Income Tax including GST / (Record no. 193762)
[ view plain ]
| 000 -LEADER | |
|---|---|
| fixed length control field | 00524nam a22001697a 4500 |
| 005 - DATE AND TIME OF LATEST TRANSACTION | |
| control field | 20221220172105.0 |
| 010 ## - LCCN (DPL NO) | |
| LC control number | E.N.A. / 7.11.22 |
| 020 ## - INTERNATIONAL STANDARD BOOK NUMBER | |
| International Standard Book Number | 9789356220812 |
| Terms of availability | 1550.00 |
| 037 ## - SOURCE OF ACQUISITION | |
| Source of stock number/acquisition | Taxmann |
| 100 ## - MAIN ENTRY--PERSONAL NAME | |
| Personal name | Singhania, Vinod k. |
| 245 ## - TITLE STATEMENT | |
| Title | Taxmann Students' Guide To Income Tax including GST / |
| Statement of responsibility, etc | Vinod k. Singhania & Monica Singhania |
| 260 ## - PUBLICATION, DISTRIBUTION, ETC. (IMPRINT) | |
| Place of publication, distribution, etc | New Delhi |
| Name of publisher, distributor, etc | Taxmann |
| Date of publication, distribution, etc | 2022 |
| 270 ## - ADDRESS | |
| Address | 59/32, New Rohtak road, New Delhi -110005 |
| 300 ## - PHYSICAL DESCRIPTION | |
| Extent | 1041p. |
| Dimensions | 27cm(pbk) |
| 700 ## - ADDED ENTRY--PERSONAL NAME | |
| Personal name | Singhania, Monica |
| 942 ## - ADDED ENTRY ELEMENTS (KOHA) | |
| Source of classification or shelving scheme | Dewey Decimal Classification |
| Item type | English Books |
| Call number suffix | SIN |
No items available.
